Waldo, tell me about guardian angels. (Record no. 114255)
[ view plain ]
| 000 -LEADER | |
|---|---|
| fixed length control field | 00320nam a2200121 a 4500 |
| 005 - DATE AND TIME OF LATEST TRANSACTION | |
| control field | 20140414132054.0 |
| 008 - FIXED-LENGTH DATA ELEMENTS--GENERAL INFORMATION | |
| fixed length control field | 110714s19uu xx 00 eng d |
| 050 ## - LIBRARY OF CONGRESS CALL NUMBER | |
| Classification number | ER |
| Item number | W63 1988 |
| 100 ## - MAIN ENTRY--PERSONAL NAME | |
| Personal name | Wilhelm, Hans |
| 245 ## - TITLE STATEMENT | |
| Title | Waldo, tell me about guardian angels. |
| 260 ## - PUBLICATION, DISTRIBUTION, ETC. (IMPRINT) | |
| Place of publication, distribution, etc | Norwalk : |
| Name of publisher, distributor, etc | C.R Gibson, |
| Date of publication, distribution, etc | 1988. |
| Withdrawn status | Lost status | Damaged status | Home library | Current library | Shelving location | Date acquired | Source of acquisition | Total Checkouts | Full call number | Barcode | Date last seen | Price effective from | Koha item type |
|---|---|---|---|---|---|---|---|---|---|---|---|---|---|
| Munich Library | Munich Library | Easy Reading Section | 07/14/2011 | ER W63 1988 | M6031 | 04/14/2014 | 04/14/2014 | Books |